Kế toán ngân hàng thương mại : Sách chuyên khảo

Tổng quát về công tác kế toán trong hệ thống ngân hàng thương mại gồm: Kế toán nguồn vốn, kế toán nghiệp vụ tín dụng, kế toán nghiệp vụ kinh doanh và đầu tư, kế toán thanh toán vốn giữa các ngân hàng thương mại, kế toán các dịch vụ th...

Descripció completa

Guardat en:
Dades bibliogràfiques
Autor principal: Đoàn, Anh Tuấn
Format: Llibre
Idioma:Undetermined
Publicat: Cần Thơ Nxb. Đại học Cần Thơ 2017
Matèries:
Etiquetes: Afegir etiqueta
Sense etiquetes, Sigues el primer a etiquetar aquest registre!
Thư viện lưu trữ: Trung tâm Học liệu Trường Đại học Cần Thơ
LEADER 01148nam a2200217Ia 4500
001 CTU_224525
008 210402s9999 xx 000 0 und d
020 |c 200000 
082 |a 657.7 
082 |b T502 
100 |a Đoàn, Anh Tuấn 
245 0 |a Kế toán ngân hàng thương mại : 
245 0 |b Sách chuyên khảo 
245 0 |c Đoàn Anh Tuấn (Chủ biên), Phan Thị Minh Thư 
260 |a Cần Thơ 
260 |b Nxb. Đại học Cần Thơ 
260 |c 2017 
520 |a Tổng quát về công tác kế toán trong hệ thống ngân hàng thương mại gồm: Kế toán nguồn vốn, kế toán nghiệp vụ tín dụng, kế toán nghiệp vụ kinh doanh và đầu tư, kế toán thanh toán vốn giữa các ngân hàng thương mại, kế toán các dịch vụ thanh toán không dùng tiền mặt, kế toán tài sản cố định và công cụ lao động trong ngân hàng... 
650 |a Kế toán,Accounting 
910 |a CIP 
980 |a Trung tâm Học liệu Trường Đại học Cần Thơ